South Korea
Z histórie Kórey. Japonská okupácia Kórey - "Tmavé obdobie". Koniec japonskej nadvlády nad Kóreou. Kórejská vojna. Prvý prezident Južnej Kórey. Ďalší juhokórejskí prezidenti.
Enregistré dans:
| Auteur principal: | |
|---|---|
| Format: | Chapitre de livre |
| Langue: | anglais |
| Sujets: | |
| Tags: |
Pas de tags, Soyez le premier à ajouter un tag!
|
MARC
| LEADER | 00000naa$a2200000$$$4500 | ||
|---|---|---|---|
| 001 | 0064878 | ||
| 005 | 20240502071749.8 | ||
| 041 | 0 | |a eng | |
| 044 | |a SK | ||
| 245 | 1 | 0 | |a South Korea |c Juraj Skovajsa |
| 520 | |a Z histórie Kórey. Japonská okupácia Kórey - "Tmavé obdobie". Koniec japonskej nadvlády nad Kóreou. Kórejská vojna. Prvý prezident Južnej Kórey. Ďalší juhokórejskí prezidenti. | ||
| 610 | 2 | 0 | |a situácia hospodárska |
| 610 | 2 | 0 | |a história |
| 610 | 2 | 0 | |a vojny |
| 610 | 2 | 0 | |a prezidenti |
| 610 | 2 | 0 | |a Japonsko |
| 610 | 2 | 0 | |a Južná Kórea |
| 100 | 1 | |a Skovajsa, Juraj | |